Online Catalogue and eLibrary

Ethics of eros : (Record no. 1363)

MARC details
000 -LEADER
fixed length control field 00430nam a2200169Ia 4500
005 - DATE AND TIME OF LATEST TRANSACTION
control field 20240711071609.0
008 - FIXED-LENGTH DATA ELEMENTS--GENERAL INFORMATION
fixed length control field 240331s9999 xx 000 0 und d
020 ## - INTERNATIONAL STANDARD BOOK NUMBER
ISBN 0415905230
082 ## - DDC Classification
Item Number - Author Mark TIN
Class No. 194
100 ## - MAIN ENTRY--PERSONAL NAME
Personal name Chanter, T
245 #0 - TITLE STATEMENT
Title Ethics of eros :
Remainder of title Irigaray's rewriting of the philosophers
260 ## - PUBLICATION, DISTRIBUTION, ETC.
Place of publication, distribution, etc. New York
Name of publisher, distributor, etc. Routledge
Date of publication, distribution, etc. 1995
300 ## - PHYSICAL DESCRIPTION
Extent (e.g. Volumes, Pages etc.) xvii, 345 p .,
650 ## - SUBJECT ADDED ENTRY--TOPICAL TERM
Topical term or geographic name entry element Ethics
650 ## - SUBJECT ADDED ENTRY--TOPICAL TERM
Topical term or geographic name entry element Philosophy
942 ## - Koha item type (Biblio)
Koha item type Books in Stacks (Lending)
Holdings
Lost status Damaged status Collection code Home library Current library Shelving location Date acquired Full call number Accession Number Item type
    Lending WERC Library WERC Library Social Science Cupboard 03/31/2024 194 CHA 5177 Books in Stacks (Lending)

© WERC Library